Nombres de 0 a 100 en 45 secondes - Statistiques

Statistiques générales
  • Ce quiz a été pris 1 360 fois
  • Le résultat moyen est 57 sur 101
Statistiques - réponses
Nombre % Correct
0
100%
1
93%
2
91%
3
90%
4
89%
5
89%
6
89%
7
88%
8
88%
9
88%
10
87%
11
86%
12
86%
13
85%
14
85%
15
84%
16
84%
17
83%
18
83%
19
83%
20
81%
21
81%
22
81%
23
80%
24
80%
25
80%
26
79%
27
79%
28
78%
29
78%
30
78%
31
77%
32
76%
33
76%
34
75%
35
74%
36
74%
37
74%
38
73%
39
72%
40
71%
41
70%
42
69%
43
69%
44
68%
45
68%
46
67%
47
66%
48
65%
49
64%
50
63%
51
62%
52
62%
53
61%
54
60%
55
58%
56
58%
57
57%
58
56%
59
55%
60
53%
61
52%
62
50%
63
49%
64
48%
65
48%
66
45%
67
43%
68
42%
69
41%
70
37%
71
36%
72
35%
73
35%
74
34%
75
33%
76
32%
77
30%
78
29%
79
28%
80
26%
81
24%
82
24%
83
23%
84
21%
85
20%
86
19%
87
17%
88
16%
89
14%
90
12%
91
11%
92
10%
93
10%
94
9%
95
8%
96
8%
97
7%
98
6%
99
5%
100
4%
Aucun quiz correspondant
Distribution des résultats
% des personnes avec chaque résultat
Percentile par nombre de réponses
Votre historique - résultats
Vous n’avez pas pris ce quiz